| 000 | 01725nam a22002417a 4500 | ||
|---|---|---|---|
| 003 | DO-SdBJH | ||
| 005 | 20250328125704.0 | ||
| 008 | 250328b |||||||| |||| 00| 0 spa d | ||
| 040 |
_aDO-SdBJH _bspa _cDO-SdBJH |
||
| 090 |
_aTG ANGM _b02290 2023 |
||
| 100 | 1 |
_aRodríguez Fernández, Laurys Alexandra _esustentante |
|
| 245 | 1 | 0 |
_aPropuesta para la actualización y reinserción de la mención maquinas Navales en la Licenciatura de Ciencias Navales 2024-2028 / _c Laurys Alexandra Rodríguez Fernández, Marena Milagros García Vargas, asesores Randy Ezekiel Vegazo Fanith, Gertrudis Perera Rodríguez |
| 260 |
_aSanto Domingo Este : _bINSUDE, _c2023 |
||
| 300 | _axiii, 83 páginas, cuadro, gráfico | ||
| 502 | _aTrabajo de grado (Licenciado en Ciencias Navales). -- Instituto Superior para la Defensa (INSUDE). Academia Naval Marina de Guerra “Vicealmirante Cesar D’Windt Lavandier”, 2023 | ||
| 504 | _aIncluye referencias bibliográficas e índices | ||
| 505 | _aMarco legal y situación actual de la Educación Técnica a nivel superior en la Armada de República Dominicana. -- Necesidad y pertinencia de reinsertar la mención maquinas Navales en la Licenciatura de Ciencias Navales de la Academia Naval. -- Propuesta para la actualización y reinserción la mención maquinas Navales en la Licenciatura de Ciencias Navales para satisfacer las necesidades actuales de la Armada | ||
| 700 | 1 |
_a García Vargas, Marena Milagros _esustentante |
|
| 700 | 1 |
_aVegazo Fanith, Randy Ezekiel _easesor |
|
| 700 | 1 |
_aPerera Rodríguez, Gertrudis _easesor |
|
| 830 | _aINSUDE. Academia Naval Marina de Guerra “Vicealmirante Cesar D’Windt Lavandier”. Tesis y disertaciones académicas | ||
| 942 |
_2CL _cT |
||
| 999 |
_c8118 _d8118 |
||